000 00315 a2200145 4500
001 169236
020 _a
040 _cMagnum
100 _aRevuz, Andre
240 1 0 _aMatematica moderna/matematica viva
_lpor
245 1 0 _aMatematica moderna/matematica viva
362 0 _a1899
697 _aGERAL
942 _cBK
999 _c169236
_d169236